000 00411nam a2200157Ia 4500
008 230524s9999 xx 000 0 und d
020 _a9788171947379
082 _a1.42
_bSAR
100 _aPrasant Sarangi
_935375
245 0 _aResearch Methodology With Live Case Studies & CD
260 _aNEW DELHI
_bTaxmann
_c2010
300 _a450
500 _aQuantity Number: 5
650 _aManagement
942 _cBK
999 _c49179
_d49179